[Event "SCO-ch 123rd"]
[Site "Glasgow"]
[Date "2016.07.16"]
[Round "8"]
[White "Muir, Andrew Joseph"]
[Black "Newton, Andrew"]
[Result "1/2-1/2"]
[WhiteElo "2297"]
[BlackElo "1828"]
[PlyCount "60"]
[EventDate "2016.07.09"]
[EventType "swiss"]
[EventRounds "9"]
[EventCountry "SCO"]
[SourceTitle "CBM 173 Extra"]
[Source "ChessBase"]
[SourceDate "2016.08.29"]
[SourceVersion "1"]
[SourceVersionDate "2016.08.29"]
[SourceQuality "1"]

1. d4 d5 2. c4 c6 3. Nc3 Nf6 4. Nf3 e6 5. Bg5 dxc4 6. e4 b5 7. e5 h6 8. Bh4 g5 9. Nxg5 hxg5 10. Bxg5 Nbd7 11. exf6 Qb6 12. g3 c5 13. d5 Bb7 14. Bg2 0-0-0 15. 0-0 b4 16. Rb1 Qa6 17. dxe6 Bxg2 18. e7 Bxf1 19. Kxf1 Qc6 20. exd8Q+ Kxd8 21. Nd5 Qe6 22. h4 Bd6 23. Bf4 Bxf4 24. Nxf4 Qe4 25. f3 Qf5 26. Rc1 Rxh4 27. Ne6+ Qxe6 28. gxh4 Qh3+ 29. Ke2 Qh2+ 30. Kf1 Qh3+ 1/2-1/2

[Event "SCO-ch 123rd"]
[Site "Glasgow"]
[Date "2016.07.12"]
[Round "4"]
[White "Muir, Andrew Joseph"]
[Black "McNab, Colin Anderson"]
[Result "1/2-1/2"]
[WhiteElo "2297"]
[BlackElo "2438"]
[PlyCount "80"]
[EventDate "2016.07.09"]
[EventType "swiss"]
[EventRounds "9"]
[EventCountry "SCO"]
[SourceTitle "CBM 173 Extra"]
[Source "ChessBase"]
[SourceDate "2016.08.29"]
[SourceVersion "1"]
[SourceVersionDate "2016.08.29"]
[SourceQuality "1"]

1. d4 d6 2. e4 Nf6 3. f3 c5 4. d5 e6 5. c4 b5 6. cxb5 exd5 7. exd5 Be7 8. Bc4 Nbd7 9. Ne2 Nb6 10. b3 Nfd7 11. f4 Bf6 12. Nbc3 Nxc4 13. bxc4 Nb6 14. Qd3 0-0 15. 0-0 a6 16. a4 axb5 17. cxb5 c4 18. Qf3 Bf5 19. Be3 Bd3 20. Qf2 Nd7 21. Rfe1 Bxe2 22. Nxe2 Nc5 23. Bxc5 dxc5 24. Qf3 Bxa1 25. Rxa1 Re8 26. Nc3 Ra7 27. Ra2 Qf6 28. h3 Qd4+ 29. Kh2 Re3 30. Re2 Rxe2 31. Nxe2 Qd3 32. Nc3 Qg6 33. Qe3 h5 34. Qxc5 h4 35. Qxa7 Qg3+ 36. Kh1 Qxc3 37. d6 Qd2 38. d7 c3 39. Qb8+ Kh7 40. d8Q Qe1+ 1/2-1/2